U.S. Cities by Other Cities in Urban Area - Statistics

General Stats
  • This quiz has been taken 84 times
  • The average score is 18 of 20
Answer Stats
Other Cities Population City % Correct
Fort Worth, Plano, Allen 6,807,889 Dallas
99%
Long Beach, Anaheim 17,877,303 Los Angeles
99%
Fort Lauderdale, West Palm Beach 6,201,499 Miami
99%
Mesa, Scottsdale, Glendale 4,246,721 Phoenix
99%
San Jose, Oakland 8,924,185 San Francisco
99%
Baltimore, Arlington 9,050,440 Washington, D.C.
99%
Saint Paul 3,706,274 Minneapolis
97%
Newark, Yonkers, Bridgeport 22,255,628 New York City
97%
Worcester, Providence 7,893,676 Boston
95%
Vancouver, Salem 2,921,411 Portland
95%
Tacoma, Bellevue, Everett 4,274,757 Seattle
94%
Aurora, Naperville 9,841,359 Chicago
92%
Akron, Canton 3,630,174 Cleveland
91%
Ogden, Provo 2,271,704 Salt Lake City
90%
Athens, Sandy Springs 6,054,822 Atlanta
88%
Henderson 1,995,213 Las Vegas
87%
Durham, Cary 1,740,094 Raleigh
86%
Camden, Reading 7,068,006 Philadelphia
81%
Racine, Waukesha 2,026,050 Milwaukee
77%
Lakeland, Deltona 3,447,917 Orlando
74%
No matching quizzes found
Score Distribution
Percent of People with Each Score
Percentile by Number Answered
Your Score History
You have not taken this quiz